000 00941nam a2200301 a 4500
001 86182
003 BD-RjUL
005 20260219100520.0
008 260219s1989 nyu 000 0 eng
020 _a0679725164 :
020 _a9780679725169
035 _a(BD-RjUL)86182
040 _aDLC
_cDLC
_dDLC
_dBD-RjUL
_beng
041 0 _aeng
_hfre
082 0 0 _220
_a842.914
_bSAN 1989
100 1 _aSartre, Jean-Paul,
_d1905-1980.
_917733
245 1 0 _aNo exit, and three other plays /
_cby Jean-Paul Sartre.
250 _aVintage International ed.
260 _aNew York :
_bVintage International,
_c1989.
300 _a275 p. ;
_c21 cm.
336 _atext
_btxt
_2rdacontent
337 _aunmediated
_bn
_2rdamedia
338 _avolume
_bnc
_2rdacarrier
500 _aTranslated from the French.
600 1 0 _aSartre, Jean-Paul,
_d1905-1980
_xTranslations into English.
_917734
942 _2ddc
_cBK
999 _c86182
_d86182